LEADER 00928nam a2200205 4500 001 000000362018 003 CaOOAMICUS 005 20250307123709.0 008 250307s1916 it 000 u ita r 040 $aSeMil$bita 100 1 $aTommasi, Camillo.$0(OLS)http://semarc/name/41358 245 10$aGiovanni Battista Ballesio :$bdirettore della Gazzetta ufficiale del Regno : ricordo /$cdi Camillo Tommasi. 264 1$aRoma :$bTipografia delle Mantellate,$c1916. 300 $a10 p. ;$c23 cm 850 $aSeMil 852 $aSeMil$W1$xVenegono$y1$m5A IX 3/11$j255056$B252957$CSeMilBibl$Z2$F252957 $8I 961 $aCon dedica autografa [dell?autore] al Card. Andrea Carlo Ferrari 996 $6245$aGiovanni Battista Ballesio :$bdirettore della Gazzetta ufficiale del Regno : ricordo$9(OLS)http://semarc/title/452869 996 $6264$aRoma :$bTipografia delle Mantellate$9(OLS)http://semarc/publisher/51594 LEADER 00940nam a2200229 i 4500 001 000000198677 003 CaOOAMICUS 005 20110308000000.0 008 110308s1984 it u000 u ita u 013 $a177367 040 $aSeMil$bita 100 1 $aHerman, Marco.$0(OLS)http://semarc/name/71896 245 10$aDiario di un ragazzo ebreo nella seconda guerra mondiale :$bda Leopoli a Torino /$cMarco Herman. 260 $aCuneo :$bArciere,$c1984. 300 $a92 p. ;$c21 cm. 490 0 $aResistenza 830 0$aResistenza.$0(OLS)http://semarc/title/32953 850 $aSeMil 852 $aSeMil$W1$xVenegono$y1$m1P III 80$j149233$B149233$CSeMilBibl$Z2$F166546 $81 961 $aOmaggio: Grampa dott. Cesare 996 $6245$aDiario di un ragazzo ebreo nella seconda guerra mondiale :$bda Leopoli a Torino$9(OLS)http://semarc/title/287152 996 $6260$aCuneo :$bArciere$9(OLS)http://semarc/publisher/36191